Community Health Nursing (Record no. 1055)

MARC details
000 -LEADER
Fixed length control field 00570nam a2200205Ia 4500
003 - CONTROL NUMBER IDENTIFIER
Control field IIN
005 - DATE AND TIME OF LATEST TRANSACTION
Control field 20250522115139.0
008 - FIXED-LENGTH DATA ELEMENTS--GENERAL INFORMATION
Fixed length control field 231217s9999 xx 000 0 und d
020 ## - INTERNATIONAL STANDARD BOOK NUMBER / ISBN
Price Rs.995.00
International Standard Book Number 9788193944639
040 ## - CATALOGING SOURCE
Original cataloging agency IIN
Language of cataloging English
082 ## - DEWEY DECIMAL CLASSIFICATION NUMBER
Classification number 610.7343
Book Number GUL
100 1# - MAIN ENTRY--PERSONAL NAME
Personal name Gulani, Krishna Kumari
245 1# - TITLE STATEMENT
Title Community Health Nursing
Sub title Principles & Practices/
Statement of responsibility Krishna Kumari Gulani
250 ## - EDITION STATEMENT
Edition statement 3rd ed
260 ## - IMPRINT
Place of publication Delhi
Name of publisher Kumar
Date of publication 2019
300 ## - PHYSICAL DESCRIPTION
Page / Vol. No xvi, 781p.
500 ## - GENERAL NOTE
General note Includes Index
650 1# - SUBJECT ADDED ENTRY--TOPICAL TERM
Topical term Community Health
Form subdivision Nursing
General subdivision Practice
942 ## - ADDED ENTRY ELEMENTS (KOHA)
Koha item type Books
Holdings
Withdrawn status Lost status Source of classification Damaged status Not for loan Collection code Home library Current library Shelving location Date acquired Price Total Checkouts Call number Accession number Date last seen Copy number Price effective from Koha item type Date checked out
    Dewey Decimal Classification       IDEAL INSTITUTE OF NURSING IDEAL INSTITUTE OF NURSING General Stacks 17/12/2023 995.00   610.7343 GUL 1049 17/12/2023 1 17/12/2023 Books  
    Dewey Decimal Classification       IDEAL INSTITUTE OF NURSING IDEAL INSTITUTE OF NURSING General Stacks 17/12/2023 995.00   610.7343 GUL 1050 17/12/2023 2 17/12/2023 Books  
    Dewey Decimal Classification       IDEAL INSTITUTE OF NURSING IDEAL INSTITUTE OF NURSING General Stacks 17/12/2023 995.00 1 610.7343 GUL 1051 08/01/2024 3 17/12/2023 Books 03/01/2024
    Dewey Decimal Classification       IDEAL INSTITUTE OF NURSING IDEAL INSTITUTE OF NURSING General Stacks 17/12/2023 995.00 1 610.7343 GUL 1052 10/01/2024 4 17/12/2023 Books 03/01/2024
    Dewey Decimal Classification       IDEAL INSTITUTE OF NURSING IDEAL INSTITUTE OF NURSING General Stacks 17/12/2023 995.00   610.7343 GUL 1053 17/12/2023 5 17/12/2023 Books  
    Dewey Decimal Classification       IDEAL INSTITUTE OF NURSING IDEAL INSTITUTE OF NURSING General Stacks 17/12/2023 995.00 1 610.7343 GUL 1054 14/01/2026 6 17/12/2023 Books 06/01/2026
    Dewey Decimal Classification       IDEAL INSTITUTE OF NURSING IDEAL INSTITUTE OF NURSING General Stacks 17/12/2023 995.00 1 610.7343 GUL 1055 22/03/2024 7 17/12/2023 Books 19/03/2024
    Dewey Decimal Classification       IDEAL INSTITUTE OF NURSING IDEAL INSTITUTE OF NURSING General Stacks 17/12/2023 995.00   610.7343 GUL 1056 17/12/2023 8 17/12/2023 Books  
    Dewey Decimal Classification       IDEAL INSTITUTE OF NURSING IDEAL INSTITUTE OF NURSING General Stacks 17/12/2023 995.00   610.7343 GUL 1057 17/12/2023 9 17/12/2023 Books  
    Dewey Decimal Classification       IDEAL INSTITUTE OF NURSING IDEAL INSTITUTE OF NURSING General Stacks 17/12/2023 995.00   610.7343 GUL 1058 17/12/2023 10 17/12/2023 Books  
    Dewey Decimal Classification       IDEAL INSTITUTE OF NURSING IDEAL INSTITUTE OF NURSING General Stacks 17/12/2023 1150.00   610.7343 GUL 2064 22/05/2025 11 17/12/2023 Books  
© Ideal Institute Of Nursing, All rights reserved.         Powered by Koha